000
00312nam a22001337a 4500
008
181012b xxu||||| |||| 00| 0 eng d
020
_a
9780721646800
041
_a
eng
080
_2
2nd
_a
616.073
100
_a
6
101
_a
RAD
245
_a
Fundamentals of Skeletal Radiology
_c
Helms,C.A
942
_2
udc
_c
BK
999
_c
49543
_d
49543